000 00551nam a2200193Ia 4500
005 20250508155210.0
008 008 250505s9999 xx 000 0 eng d
037 _aTextual
040 _aFEDL
_beng
_cFEDL
041 _aeng
_2eng
084 _a340.954, IND
_qFEDL
245 0 _aSummary of legislation in India during 1954
245 0 _cGovernment of India. Ministry of Law
260 _aDelhi, India
_bManager of Publications
300 _a121p.
650 _aLaw
942 _cTEXL
_h340.954, IND
999 _c1355144
_d1355144